000 00754nam a2200265Ia 4500
003 OSt
005 20220927111119.0
006 a|||||r|||| 00| 0
007 ta
008 220926b |||||||| |||| 00| 0 eng d
024 _a104626
037 _cReports
040 _aRTL
_cRTL
_beng
041 _2eng
_aeng
082 _a"z.2794.N80t5, M0.1-M0.2"
110 _a"Meghalya, Planning (Deptt.of-)"
_9381460
245 0 _aFive year plan 1980-85 Vol.1
260 _aShillong
_bGovt. Press India
_c1980
300 _a137p.
_ccm.
490 _vV1
650 _aGeneralia
700 _a"Meghalya, Planning (Deptt.of-)"
_9381461
942 _h"z.2794.N80t5, M0.1-M0.2"
_cCC
999 _c698726
_d698726